| 000 | 00432nam a2200145Ia 4500 | ||
|---|---|---|---|
| 008 | 220217s9999||||xx |||||||||||||| ||und|| | ||
| 020 | _a9780070486775 | ||
| 082 | _a006.6 ROG | ||
| 100 |
_aRogers, David F and Adams, Alan J _93433 |
||
| 245 | 0 | _aMathematical elements for computer graphics | |
| 250 | _a2nd | ||
| 260 |
_aTata mcgraw hill company Ltd _bNew Delhi _c2012 |
||
| 300 |
_aXIX, 611p. _b490 |
||
| 650 | _aMATHEMATICS | ||
| 999 |
_c184325 _d184325 |
||